• 首页
  • 本馆介绍
  • 公告通知
  • 最新文献
  • 馆藏检索
  • 电子资源
  • 读者导购
  • 参考咨询
  • 我的图书馆
  • 登录
  • 详细信息显示
  • 放入我的书架
  • 预约/预借图书
  • 作者相关作品
  • 分类相关作品
  • 丛书相关作品
  • 出版社相关作品

书目信息

  • 表格格式
  • 工作单格式
  • 卡片格式
题名:
水处理新药剂
    
 
作者: 李润生 著
分册:  
出版信息: 北京   中国建筑工业出版社  1981
页数: 227页
开本: 19cm
丛书名:
单 册:
中图分类: TQ124.4
科图分类:
主题词: ⅦA族元素--生产 , Ⅶ族化合物--生产
电子资源:
ISBN:
000 00737nam0 2200253 45
001 0181003864
005 20051114150834.87
010    @dCNY1.15
091    @a15040.4119
100    @a19950323d1981 em y0chiy0121 ea
101 0  @achi
102    @aCN@b110000
105    @ay z 000yy
200 10 @a水处理新药剂@Ashui chu li xin yao ji jian shi lv hua lu@e碱式氯化铝@f李润生著@Fli run sheng zhu
210    @a北京@c中国建筑工业出版社@d1981
215    @a227页@d19cm
517 1  @a碱式氯化铝@Ajian shi lv hua lv
606 0  @aⅦA族元素@x生产
606 0  @aⅦ族化合物@x生产
690    @aTQ124.4
701  0 @a李润生@Ali run sheng@4著
801  2 @aCN@bNLC@c20051114
801  0 @aCN@b上海图书馆@c20040518
905    @f1@b63891@dTQ124.4@e2
    
    水处理新药剂:碱式氯化铝/李润生著.-北京:中国建筑工业出版社,1981
    227页;19cm
    
    
    ISBN :CNY1.15
    
●
相关链接 在E读中查询图书 在五车中查询图书 在当当中查询图书 在豆瓣中查询图书


正题名:水处理新药剂     索取号:TQ124.4/2         预约/预借

序号 登录号 条形码 馆藏地/架位号 状态 备注
1 0063891   001471838   第二样本阅览室/ [索取号:TQ124.4/2] 在馆    
2 0063892   202146105   密集书库/ [索取号:TQ124.4/2] 在馆    
唐山师范学院图书馆 欢迎您!
大连网信软件有限公司© 版权所有